Catálogo
 En Linea

América Latina, una y diversa : (Registro nro. 19608)

Detalles MARC
000 -CABECERA
campo de control de longitud fija 00742nam a2200205 a 4500
001 - NÚMERO DE CONTROL
campo de control 000020100
005 - FECHA Y HORA DE LA ÚLTIMA TRANSACCIÓN
campo de control 20200929170251.0
008 - DATOS DE LONGITUD FIJA--INFORMACIÓN GENERAL
campo de control de longitud fija 100721s2008 cr r 000 0 spa d
020 ## - NÚMERO INTERNACIONAL ESTÁNDAR DEL LIBRO
ISBN cancelado o inválido 99689514
040 ## - FUENTE DE LA CATALOGACIÓN
Centro catalogador/agencia de origen DO-SdBNP
Lengua de catalogación spa
Centro/agencia transcriptor BNPHU
082 ## - NÚMERO DE LA CLASIFICACIÓN DECIMAL DEWEY
Número de clasificación xxxx
Número de documento/Ítem A512L
245 00 - MENCIÓN DE TÍTULO
Título América Latina, una y diversa :
Resto del título métodos para su análisis /
Mención de responsabilidad, etc. compiladores Heriberto Cairo, Geronimo de Sierra.
260 ## - PUBLICACIÓN, DISTRIBUCIÓN, ETC.
Lugar de publicación, distribución, etc. San José, Costa Rica :
Nombre del editor, distribuidor, etc. Librería Alma Mater,
Fecha de publicación, distribución, etc. 2008.
300 ## - DESCRIPCIÓN FÍSICA
Extensión 287 p. ;
Dimensiones diagrf.
504 ## - NOTA DE BIBLIOGRAFÍA, ETC.
Nota de bibliografía, etc. Incluye referencias bilbiográficas y notas al pie de las páginas
504 ## - NOTA DE BIBLIOGRAFÍA, ETC.
Nota de bibliografía, etc. Incluye bibliografías
590 ## - NOTA LOCAL (RLIN)
Nota local Inventariado, 2019/BT
700 12 - PUNTO DE ACCESO ADICIONAL--NOMBRE DE PERSONA
Nombre de persona Cairo, Heriberto,
Término indicativo de función/relación comp.
9 (RLIN) 42687
700 12 - PUNTO DE ACCESO ADICIONAL--NOMBRE DE PERSONA
Nombre de persona Sierra, Geronimo de,
Término indicativo de función/relación comp.
9 (RLIN) 42688
Existencias
Estado de retiro Estado de pérdida Restricciones de uso No para préstamo Código de colección Localización permanente Ubicación/localización actual Ubicación en estantería Fecha de adquisición Número de inventario Total de préstamos Signatura topográfica completa Código de barras Fecha visto por última vez Precio válido a partir de Tipo de ítem Koha Número de copia
      Excluido de préstamo Monografías: Libros y Folletos General General Depósito 21.07.2010 LF1   xxxx A512L 20100-10 25.06.2020 25.06.2020 No se presta  
      Excluido de préstamo Monografías: Libros y Folletos General General Depósito 28.07.2010 LF1   xxxx A512L 20100-20 25.06.2020 25.06.2020 No se presta e. 2

Con tecnología Koha